000 00804nas a2200289 4500
001 BR2014007964
003 BR-BrBNA
005 20231205124823.0
007 ta
008 230509b bl.|||p| |||| 00| 00por d
040 _aBR-BrBNA
_bpor
_cBiblioteca Nacional de Agricultura
041 _a(Pt)
072 _aE70
100 1 _aLima Filho, R.R. de
100 1 _aAguiar, G.A.M.
100 1 _aTorres Júnior, A. de M.
245 1 _aSoja: boa rentabilidade em 2014
650 _aSOJA
650 _aRENTABILIDADE
650 _aANALISE ECONOMICA
650 _aCUSTO DE PRODUCAO
650 _aPRECO MEDIO
650 _aLUCRO
773 0 _tAgroanalysis (Brazil)
_xISSN 0100-4298
_g(Apr 2014), v. 34(4) p. 16-17
_wBR2014007964
909 _a202311
_bLúcia
_c55
_dLúcia Elande
942 _2AGRIS
_n0
_cANA
999 _c241076
_d241076